| 000 | 01069cam a2200301 a 4500 | ||
|---|---|---|---|
| 001 | 3784 | ||
| 005 | 20240507140904.0 | ||
| 020 | _a0439135265 (pb) | ||
| 040 |
_aDLC _cDLC _dDLC _beng |
||
| 050 | 0 | 0 |
_aPZ7.B828755 _b2001 |
| 082 | 0 | 0 | _a813.6 |
| 100 | 1 | _aBruss, Deborah | |
| 245 | 1 | 0 |
_aBook! book! book! / _cby Deborah Bruss ; illustrated by Tiphanie Beeke. |
| 250 | _aFirst Scholastic paperback printing , November 2001 | ||
| 260 |
_aNew York : _bScholastic ; _c2001 |
||
| 300 |
_a30 unnumbered pages : _bcolor illustrations ; _c26 cm. |
||
| 505 | _aH | ||
| 520 | _aWhen the children go back to school, the animals on the farm are bored, so they go into the library in town trying to find something to do. | ||
| 521 |
_a440
_bLexile AD |
||
| 521 |
_aH
_bRaz-Plus |
||
| 650 | 1 |
_aDomestic animals _vFiction. |
|
| 650 | 1 |
_aAnimal sounds _vFiction. |
|
| 650 | 1 |
_aLibraries _vFiction. |
|
| 650 | 1 |
_aBooks and reading _vFiction. |
|
| 700 | 1 |
_aBeeke, Tiphanie _eillustrator |
|
| 906 |
_a7 _bcbc _corignew _d1 _eocip _f19 _gy-gencatlg |
||
| 942 |
_2ddc _cBK _n0 |
||
| 999 |
_c3784 _d3784 |
||